000 nam a22 7a 4500
999 _c48194
_d48194
005 20200413170626.0
008 200413b xxu||||| |||| 00| 0 eng d
040 _aANE
041 _aEs
100 _aRafael Román, Dickson Morales
245 _aTesis doctoral Asignación de Riesgos en la Colaboración Público-Privada
_cRafael Román, Dickson Morales
260 _aCoruña
_c2018
300 _a363 p.
650 _aDerecho Pùblico
650 _aRiesgos
650 _aEquilibrio económico
650 _aResponsabilidad Patrimonial Administrativa
650 _aAdministración Riesgo
650 _aAnálisis económico
856 _uhttp://documentacion.asambleanacional.gob.ec/alfresco/d/d/workspace/SpacesStore/0bc7f889-8428-4082-ae97-93724a65fce7/TESIS%20DOCTORAL%20ASIGNACI%c3%92N%20DE%20RIESGOS%20EN%20LA%20COLABORACI%c3%92N%20P%c3%99BLICO.pdf
942 _2ddc
_cBV
_zNr.